Представление документа в формате MARC21

Поле Инд. ПП Название Значение
Тип записи a
Библиографический уровень b
001 Контрольный номер RU/IS/BASE/253733663
005 Дата корректировки 20200522191203.5
008 Кодируемые данные 20080115
040 b Код языка каталог. rus
e Правила каталог. PSBO
041 0_ a Код языка текста rus
084 a Индекс другой классификации/Индекс ББК 66.041.11; 88.572
100 1_ a Автор Невская Т. А.
q Полное имя Невская Татьяна Александровна
245 10 a Заглавие Личность политического деятеля как фактор, определяющий электоральный выбор
504 a Библиография Библиогр. ссылки
650 a Основная рубрика политика
a Основная рубрика политическая психология
a Основная рубрика политология
a Основная рубрика психология
a Основная рубрика социальная психология
653 1_ a Ключевые слова личность политического деятеля
a Ключевые слова политические лидеры
a Ключевые слова политический деятель
a Ключевые слова политический имидж
a Ключевые слова политическое поведение
a Ключевые слова самооценка
a Ключевые слова социальная ориентация
a Ключевые слова Я-концепция (образ Я)
773 0_ t Заглавие источника Вестник Московского университета. Серия 18, Социология и политология
d Дата издания источника 2007
g Прочая информация № 2. - С. 140 - 152
w Контрольный № источника RU/IS/BASE/242834490
901 t Тип документа b